000 00221 a2200097 4500
001 24688
100 _aShigley, J E
245 _aSimulation of Mechanical Systems
260 _a
_bMcGraw-Hill
_c1967
090 _c16660
_d16660
942 _aNUST-CAE
_cM
_c7403
999 _c259761
_d259761